Риск-ориентированное мышление в системе менеджмента качества; Ресурсосберегающие технологии в контроле, управлении качеством и безопасности

Bibliografische gegevens
Parent link:Ресурсосберегающие технологии в контроле, управлении качеством и безопасности.— 2021.— [С. 59-63]
Hoofdauteur: Деева О. В. Ольга Викторовна
Coauteur: Национальный исследовательский Томский политехнический университет
Samenvatting:Заглавие с экрана
Статья приводит исследование риск-ориентированного мышления с точки зрения развития системы менеджмента качества. Приведена классификация рисков, а так же проанализировано применение риск-ориентированного мышления в системе менеджмента качества, как в целом, так и ее частях. Представлены методы анализа рисков разных процессов.
The article presents a study of risk-based thinking from the point of view of developing a quality management system. The classification of risks is given, and the application of risk-based thinking in the quality management system, both in General and in its parts, is analyzed. Methods of risk analysis of different processes are presented.
Taal:Russisch
Gepubliceerd in: 2021
Onderwerpen:
Online toegang:http://earchive.tpu.ru/handle/11683/64383
Formaat: Elektronisch Hoofdstuk
KOHA link:https://koha.lib.tpu.ru/cgi-bin/koha/opac-detail.pl?biblionumber=632554

MARC

LEADER 00000naa2a2200000 4500
001 632554
005 20231102024614.0
035 |a (RuTPU)RU\TPU\conf\34275 
035 |a RU\TPU\conf\34273 
090 |a 632554 
100 |a 20210126d2021 k y0rusy50 ca 
101 0 |a rus  |d eng 
102 |a RU 
105 |a y z 101zy 
135 |a drcn ---uucaa 
181 0 |a i  
182 0 |a b 
200 1 |a Риск-ориентированное мышление в системе менеджмента качества  |d Risk-based thinking in the quality management system  |f О. В. Деева 
203 |a Текст  |c электронный 
230 |a 1 компьютерный файл (pdf; 481 Kb) 
300 |a Заглавие с экрана 
320 |a [Библиогр.: с. 63 (6 назв.)] 
330 |a Статья приводит исследование риск-ориентированного мышления с точки зрения развития системы менеджмента качества. Приведена классификация рисков, а так же проанализировано применение риск-ориентированного мышления в системе менеджмента качества, как в целом, так и ее частях. Представлены методы анализа рисков разных процессов. 
330 |a The article presents a study of risk-based thinking from the point of view of developing a quality management system. The classification of risks is given, and the application of risk-based thinking in the quality management system, both in General and in its parts, is analyzed. Methods of risk analysis of different processes are presented. 
463 0 |0 (RuTPU)RU\TPU\conf\34267  |t Ресурсосберегающие технологии в контроле, управлении качеством и безопасности  |o сборник научных трудов IX Международной конференции школьников, студентов, аспирантов, молодых ученых "Ресурсоэффективные системы в управлении и контроле: взгляд в будущее", 11-13 ноября 2020 г., г. Томск  |f Национальный исследовательский Томский политехнический университет (ТПУ)  |v [С. 59-63]  |d 2021 
510 1 |a Risk-based thinking in the quality management system  |z eng 
610 1 |a электронный ресурс 
610 1 |a труды учёных ТПУ 
610 1 |a риски 
610 1 |a риск-ориентированное мышление 
610 1 |a система менеджмента качества 
610 1 |a risk 
610 1 |a risk-based thinking 
610 1 |a quality management system 
700 1 |a Деева  |b О. В.  |g Ольга Викторовна 
712 0 2 |a Национальный исследовательский Томский политехнический университет  |c (2009- )  |2 stltpush  |3 (RuTPU)RU\TPU\col\15902  |9 26305 
801 2 |a RU  |b 63413507  |c 20210205  |g RCR 
856 4 |u http://earchive.tpu.ru/handle/11683/64383 
942 |c BK